Statistics for Team USA

Click here to take the quiz!

General Stats

  • This quiz has been taken 9 times
  • The average score is 17 of 23

Answer Stats

PositionNumber*TeamPlayer% Correct
Goalie32Los AngelesJonathan Quick
100%
Foward8DetroitJustin Abdelkader
86%
Foward88ChicagoPatrick Kane
86%
Defense33WinnipegDustin Byfuglien
71%
Goalie30Tampa BayBen Bishop
71%
Defense20MinnesotaRyan Suter
71%
Defense2WashingtonMatt Niskanen
71%
Defense27RangersRyan McDonagh
71%
Defense7ColumbusJack Johnson
71%
Defense6ColoradoErik Johnson
71%
Defense74WashingtonJohn Carlson
71%
Foward21TorontoJames Van Riemsdyk
71%
Foward26WinnipegBlake Wheeler
71%
Foward42STL/BOSDavid Backes
71%
Foward21RangersDerek Stepan
71%
Foward8San JoseJoe Pavelski
71%
Foward11MinnesotaZach Parise
71%
Foward67MontrealMax Pacioretty
71%
Foward77WashingtonTJ Oshie
71%
Foward17AnahiemRyan Kesler
71%
Foward17ColumbusBrandon Dubinsky
71%
Foward24Tampa BayRyan Callahan
71%
Goalie35New JerseyCory Schneider
71%

Score Distribution

Percentile by Number Answered

Percent of People with Each Score

Your Score History

You have not taken this quiz